| 000 | 00922cab a22001935a 4500 | ||
|---|---|---|---|
| 001 | L159090 | ||
| 008 | 150706e2016 xxk 000 0 eng d | ||
| 035 | _a(Sirsi) u159090 | ||
| 041 | 0 | _aeng | |
| 110 | 2 |
_aExperian Economics _95977 |
|
| 245 | 0 | 0 | _aTracker November 2015 |
| 260 | _c2016 | ||
| 490 |
_aBuilding _v282 (8906) 15 January 2016, 42-45(4) |
||
| 520 | _aEconomic summary of national and regional construction activity in November 2015. The construction activity index drops into negative territory for its third time in 12 months, while most individual regions experience a soft decrease in activity levels. The latest figures from the Office for National Statistics show that total construction output dropped across the quarter, but is marginally up on a year ago. | ||
| 650 | 2 | 4 | _aEXPERIAN CONSTRUCTION INDUSTRY FOCUS |
| 651 | 4 |
_aUnited Kingdom _y |
|
| 690 |
_aConstruction management _96230 |
||
| 942 | _n0 | ||
| 999 |
_c84798 _d84798 |
||